[Event "Portimao op"]
[Site "Portimao"]
[Date "2024.02.16"]
[Round "7"]
[White "Ribeiro, Gustavo"]
[Black "Santos, Jose Guilherme B Li"]
[Result "0-1"]
[WhiteElo "2250"]
[BlackElo "2428"]
[PlyCount "66"]
[EventDate "2024.02.11"]
[EventType "swiss"]
[EventRounds "9"]
[EventCountry "POR"]
[SourceTitle "CB09_2024"]
[SourceDate "2024.02.28"]
[SourceVersion "1"]
[SourceVersionDate "2024.02.28"]
[SourceQuality "1"]

1. e4 c5 2. Nf3 e6 3. c3 Nf6 4. e5 Nd5 5. d4 cxd4 6. Bc4 d6 7. cxd4 Nc6 8. 0-0 Be7 9. exd6 Qxd6 10. Nc3 0-0 11. Re1 b6 12. Nxd5 exd5 13. Bb5 Be6 14. Ne5 Nxe5 15. dxe5 Qb4 16. Bd3 Rac8 17. a3 Qh4 18. Be3 Bc5 19. g3 Qe7 20. Qh5 h6 21. b4 Bxe3 22. Rxe3 a5 23. f4 d4 24. Re4 Rc3 25. Rd1 Qd7 26. Ree1 Bg4 27. e6 Qxe6 28. Qb5 Qa2 29. Bb1 Qb2 30. Rxd4 Rc1 31. Rxc1 Qxd4+ 32. Kf1 Bh3+ 33. Ke2 Qb2+ 0-1

[Event "Portimao op"]
[Site "Portimao"]
[Date "2024.02.15"]
[Round "5"]
[White "Goncalves, Samuel Jesus P"]
[Black "Santos, Jose Guilherme B Li"]
[Result "0-1"]
[WhiteElo "2219"]
[BlackElo "2428"]
[PlyCount "92"]
[EventDate "2024.02.11"]
[EventType "swiss"]
[EventRounds "9"]
[EventCountry "POR"]
[SourceTitle "CB09_2024"]
[SourceDate "2024.02.28"]
[SourceVersion "1"]
[SourceVersionDate "2024.02.28"]
[SourceQuality "1"]

1. e4 c5 2. Nf3 e6 3. c3 d5 4. exd5 Qxd5 5. d4 Nf6 6. Na3 a6 7. Nc4 Nbd7 8. Be2 b5 9. Ne3 Qc6 10. Ne5 Nxe5 11. dxe5 Nd5 12. Bf3 Bb7 13. Nxd5 exd5 14. Bg5 Be7 15. Bxe7 Kxe7 16. Qd3 Qg6 17. Qe3 Rac8 18. h4 Rhe8 19. Rh3 Kf8 20. Kf1 Qe6 21. Re1 Qe7 22. h5 Kg8 23. Rg3 Kh8 24. h6 g6 25. Bg4 Rcd8 26. Qf4 f5 27. Bh3 Qe6 28. Qg5 d4 29. Rd3 Bd5 30. Kg1 Bxa2 31. Rf3 Qe7 32. Qxe7 Rxe7 33. cxd4 cxd4 34. Ra3 Bc4 35. b3 b4 36. Ra4 Bb5 37. Ra2 d3 38. Rd2 Kg8 39. f4 Rc7 40. g4 fxg4 41. Bxg4 Rd4 42. Be6+ Kf8 43. f5 Ke7 44. Bg8 gxf5 45. Bxh7 Rg4+ 46. Kf2 Ke6 0-1

[Event "Portimao op"]
[Site "Portimao"]
[Date "2024.02.14"]
[Round "4"]
[White "Santos, Jose Guilherme B Li"]
[Black "Patel, Zain"]
[Result "1-0"]
[WhiteElo "2428"]
[BlackElo "1876"]
[PlyCount "65"]
[EventDate "2024.02.11"]
[EventType "swiss"]
[EventRounds "9"]
[EventCountry "POR"]
[SourceTitle "CB09_2024"]
[SourceDate "2024.02.28"]
[SourceVersion "1"]
[SourceVersionDate "2024.02.28"]
[SourceQuality "1"]

1. d4 Nf6 2. c4 e6 3. Nf3 d5 4. Nc3 c5 5. cxd5 Nxd5 6. e4 Nxc3 7. bxc3 cxd4 8. cxd4 Bb4+ 9. Bd2 Bxd2+ 10. Qxd2 0-0 11. Bc4 Nd7 12. 0-0 b6 13. Rfe1 Bb7 14. Rad1 Rc8 15. Bb3 Re8 16. h3 Nf6 17. Qf4 Qc7 18. Ne5 Re7 19. Rd3 Qd6 20. Qh4 Qb4 21. Re2 Rc3 22. Rxc3 Qxc3 23. Nf3 Re8 24. d5 exd5 25. e5 Ne4 26. Qf4 Qd3 27. Re3 Qb1+ 28. Re1 Qd3 29. e6 Rf8 30. e7 Re8 31. Ne5 Qb5 32. Qxf7+ Kh8 33. Qf8+ 1-0

[Event "Wch U20 60th"]
[Site "Mexico City"]
[Date "2023.09.30"]
[Round "10"]
[White "Garzon Camelo, Andres Santiago"]
[Black "Santos, Jose Guilherme B Li"]
[Result "1-0"]
[WhiteElo "2144"]
[BlackElo "2392"]
[PlyCount "75"]
[EventDate "2023.09.21"]
[EventType "swiss"]
[EventRounds "11"]
[EventCountry "MEX"]
[SourceTitle "EXT 2024"]
[Source "ChessBase"]
[SourceDate "2023.10.10"]
[SourceVersion "1"]
[SourceVersionDate "2023.10.10"]
[SourceQuality "1"]

1. e4 e5 2. Nf3 Nc6 3. Bc4 Bc5 4. 0-0 Nf6 5. d3 0-0 6. c3 d5 7. exd5 Nxd5 8. h3 Bf5 9. Re1 Nb6 10. Bb5 Bd6 11. Bxc6 bxc6 12. Nxe5 Re8 13. d4 Bxe5 14. dxe5 Qxd1 15. Rxd1 Rxe5 16. Na3 Re2 17. b3 f6 18. c4 Re5 19. Bf4 Ra5 20. Nb1 Bc2 21. Rc1 Bxb3 22. Nd2 Ba4 23. Bxc7 Rc8 24. Bg3 Rd8 25. Nb3 Rf5 26. c5 Nc8 27. Na5 g5 28. Rab1 h5 29. Rb4 Bb5 30. a4 Ba6 31. Nxc6 Rd2 32. h4 Rdd5 33. Nb8 Bd3 34. c6 Rc5 35. Re1 Nb6 36. c7 Kf7 37. a5 Nd5 38. Rb7 1-0

[Event "Wch U20 60th"]
[Site "Mexico City"]
[Date "2023.09.27"]
[Round "6"]
[White "Sorensen, Hampus"]
[Black "Santos, Jose Guilherme B Li"]
[Result "1-0"]
[WhiteElo "2470"]
[BlackElo "2392"]
[PlyCount "65"]
[EventDate "2023.09.21"]
[EventType "swiss"]
[EventRounds "11"]
[EventCountry "MEX"]
[SourceTitle "EXT 2024"]
[Source "ChessBase"]
[SourceDate "2023.10.10"]
[SourceVersion "1"]
[SourceVersionDate "2023.10.10"]
[SourceQuality "1"]

1. d4 Nf6 2. c4 e6 3. Nc3 Bb4 4. e3 0-0 5. Bd3 d5 6. a3 Bxc3+ 7. bxc3 dxc4 8. Bxc4 c5 9. Ne2 Qc7 10. Ba2 Nc6 11. 0-0 b6 12. Bb2 Rd8 13. c4 cxd4 14. exd4 Na5 15. Rc1 Ba6 16. d5 Bxc4 17. Bxc4 Nxc4 18. Bxf6 gxf6 19. Ng3 b5 20. Qg4+ Kh8 21. dxe6 fxe6 22. Qxe6 Qd6 23. Qf5 Qe5 24. Qh3 Qf4 25. Rce1 Ne5 26. Nh5 Qh6 27. Qf5 Rf8 28. Nf4 Rg8 29. Re3 Qg5 30. Qxg5 Rxg5 31. Rd1 Rgg8 32. h3 Kg7 33. Rd6 1-0

[Event "Wch U20 60th"]
[Site "Mexico City"]
[Date "2023.09.23"]
[Round "4"]
[White "Montes Orozco, Miguel Angel"]
[Black "Santos, Jose Guilherme B Li"]
[Result "0-1"]
[WhiteElo "2083"]
[BlackElo "2392"]
[PlyCount "92"]
[EventDate "2023.09.21"]
[EventType "swiss"]
[EventRounds "11"]
[EventCountry "MEX"]
[SourceTitle "EXT 2024"]
[Source "ChessBase"]
[SourceDate "2023.10.10"]
[SourceVersion "1"]
[SourceVersionDate "2023.10.10"]
[SourceQuality "1"]

1. d4 Nf6 2. c4 g6 3. Nc3 Bg7 4. e4 d6 5. h3 0-0 6. Be3 Nbd7 7. Nf3 e5 8. d5 Nc5 9. Nd2 a5 10. Be2 Ne8 11. h4 f5 12. h5 Na6 13. exf5 gxf5 14. f3 Bf6 15. Bf2 Bg5 16. g4 Nf6 17. gxf5 Bxf5 18. Rg1 h6 19. Bh4 Kh8 20. Bxg5 hxg5 21. Nde4 Nxe4 22. fxe4 Bh7 23. Qd2 Rf4 24. Rg4 Qf6 25. 0-0-0 Rxg4 26. Bxg4 Nc5 27. Bf5 Rg8 28. Rf1 g4 29. Kc2 Qg5 30. Qe2 g3 31. Bxh7 Kxh7 32. Qg2 Qh4 33. Rh1 Qg4 34. Rf1 Rg5 35. Rf3 Qh4 36. Rf7+ Rg7 37. Qf3 Qg5 38. Rf5 Qg4 39. Qg2 Qh4 40. Rf1 Qh2 41. Rg1 Rf7 42. Nd1 Qxg2+ 43. Rxg2 Nxe4 44. Kd3 Nf2+ 45. Ke2 Nxd1 46. Kxd1 Rf1+ 0-1

[Event "Wch U20 60th"]
[Site "Mexico City"]
[Date "2023.09.22"]
[Round "3"]
[White "Santos, Jose Guilherme B Li"]
[Black "Torres Rivas, Felipe de Jesus"]
[Result "1-0"]
[WhiteElo "2392"]
[BlackElo "1877"]
[PlyCount "87"]
[EventDate "2023.09.21"]
[EventType "swiss"]
[EventRounds "11"]
[EventCountry "MEX"]
[SourceTitle "EXT 2024"]
[Source "ChessBase"]
[SourceDate "2023.10.10"]
[SourceVersion "1"]
[SourceVersionDate "2023.10.10"]
[SourceQuality "1"]

1. e4 c6 2. Nc3 d5 3. Nf3 dxe4 4. Nxe4 Nd7 5. Qe2 e6 6. g3 Ngf6 7. Bg2 Be7 8. d4 Nxe4 9. Qxe4 Nf6 10. Qe2 0-0 11. 0-0 Qb6 12. c3 Bd7 13. Ne5 Rfd8 14. Rd1 Be8 15. Nd3 a5 16. f4 c5 17. Be3 Bb5 18. dxc5 Bxd3 19. Rxd3 Bxc5 20. Bxc5 Qxc5+ 21. Qe3 Qxe3+ 22. Rxe3 Rd2 23. Rb1 Ra7 24. Re5 b6 25. Rb5 Rd6 26. Re1 g6 27. Bf3 Nd7 28. Rd1 Rxd1+ 29. Bxd1 Kf8 30. Kf2 Ke7 31. Ke3 Kd6 32. a4 Rc7 33. Kd4 f6 34. Bb3 Rc6 35. g4 h6 36. h4 f5 37. h5 fxg4 38. hxg6 Nf6 39. f5 g3 40. Ke3 exf5 41. g7 f4+ 42. Kf3 Ke7 43. Re5+ Kd8 44. Rf5 1-0

[Event "POR-ch"]
[Site "Viana do Castelo"]
[Date "2023.09.09"]
[Round "8"]
[White "Fidalgo, Andre Neves"]
[Black "Santos, Jose Guilherme B Li"]
[Result "0-1"]
[WhiteElo "2229"]
[BlackElo "2392"]
[PlyCount "82"]
[EventDate "2023.09.03"]
[EventType "tourn"]
[EventRounds "9"]
[EventCountry "POR"]
[EventCategory "3"]
[SourceTitle "EXT 2024"]
[Source "ChessBase"]
[SourceDate "2023.10.10"]
[SourceVersion "1"]
[SourceVersionDate "2023.10.10"]
[SourceQuality "1"]

1. d4 Nf6 2. c4 e6 3. Nf3 d5 4. Nc3 Be7 5. Bf4 0-0 6. e3 c5 7. dxc5 Bxc5 8. Qc2 Nc6 9. Rd1 Qa5 10. a3 Re8 11. Nd2 e5 12. Bg3 Nd4 13. Qb1 Bxa3 14. cxd5 Bb4 15. Bd3 Bg4 16. f3 e4 17. Ndxe4 Nxe4 18. Bxe4 Bxc3+ 19. bxc3 Qxc3+ 20. Kf2 Rxe4 21. fxe4 Nc2 22. Bf4 Bxd1 23. Rxd1 Nb4 24. d6 a5 25. d7 Rd8 26. Kf3 h6 27. Rc1 Qf6 28. Rc8 g5 29. e5 Qe7 30. Qd1 gxf4 31. Qd6 Qh4 32. g3 fxg3 33. hxg3 Qg5 34. e6 fxe6 35. Qxe6+ Kg7 36. Rxd8 Qxd8 37. Qe8 Nc6 38. e4 Kf6 39. Kg2 Qe7 40. e5+ Ke6 41. Kh3 a4 0-1

[Event "POR-ch"]
[Site "Viana do Castelo"]
[Date "2023.09.04"]
[Round "2"]
[White "Santos, Jose Guilherme B Li"]
[Black "Veiga, Jose Francisco RP"]
[Result "1-0"]
[WhiteElo "2392"]
[BlackElo "2354"]
[PlyCount "105"]
[EventDate "2023.09.03"]
[EventType "tourn"]
[EventRounds "9"]
[EventCountry "POR"]
[EventCategory "3"]
[SourceTitle "EXT 2024"]
[Source "ChessBase"]
[SourceDate "2023.10.10"]
[SourceVersion "1"]
[SourceVersionDate "2023.10.10"]
[SourceQuality "1"]

1. d4 Nf6 2. c4 g6 3. Nc3 Bg7 4. e4 d6 5. h3 0-0 6. Be3 Nbd7 7. g4 e5 8. d5 Nc5 9. f3 a5 10. Qd2 Bd7 11. Nge2 Qe7 12. Ng3 Ne8 13. 0-0-0 Qh4 14. Rg1 h6 15. Kb1 Kh7 16. Qc2 Rh8 17. Bf2 Qe7 18. h4 Bf6 19. Rh1 Kg8 20. Qd2 Ng7 21. Nge2 Rf8 22. Bg2 Qd8 23. Rdg1 Be7 24. f4 Bxg4 25. Qe3 exf4 26. Nxf4 Bf6 27. Qg3 h5 28. Bxc5 dxc5 29. Nd3 Bd4 30. Re1 Re8 31. Nb5 c6 32. Nxd4 cxd4 33. Rhf1 Qe7 34. Qf2 c5 35. Qf6 b6 36. Qxb6 Qxh4 37. Qc7 Rf8 38. Nxc5 Rc8 39. Qd6 Kh7 40. Nd3 Rxc4 41. Qf4 Rhc8 42. Rh1 g5 43. Qe5 f6 44. Qd6 Nf5 45. exf5 Bxf5 46. Be4 Rc1+ 47. Rxc1 Qxe4 48. Rcd1 Kg6 49. Ka1 Rc2 50. Rhe1 Re2 51. Rg1 Bg4 52. Rdf1 Bf3 53. Nf4+ 1-0

[Event "POR-ch"]
[Site "Viana do Castelo"]
[Date "2023.09.03"]
[Round "1"]
[White "Sousa, Andre Ventura"]
[Black "Santos, Jose Guilherme B Li"]
[Result "0-1"]
[WhiteElo "2430"]
[BlackElo "2392"]
[PlyCount "52"]
[EventDate "2023.09.03"]
[EventType "tourn"]
[EventRounds "9"]
[EventCountry "POR"]
[EventCategory "3"]
[SourceTitle "EXT 2024"]
[Source "ChessBase"]
[SourceDate "2023.10.10"]
[SourceVersion "1"]
[SourceVersionDate "2023.10.10"]
[SourceQuality "1"]

1. d4 Nf6 2. Nf3 g6 3. c4 Bg7 4. Nc3 0-0 5. e4 d6 6. Be2 e5 7. 0-0 exd4 8. Nxd4 Re8 9. f3 c6 10. Kh1 d5 11. cxd5 cxd5 12. Bb5 Bd7 13. exd5 Bxb5 14. Ndxb5 a6 15. Na3 b5 16. Nc2 Qd6 17. Bg5 Nbd7 18. a3 Nb6 19. Qd3 Nfxd5 20. Rad1 Bxc3 21. Qxc3 Rac8 22. Qd2 Qe5 23. Ne1 Ne3 24. Bxe3 Nc4 25. Qd7 Nxe3 26. Nd3 Qg5 0-1

[Event "Maia op 7th"]
[Site "Maia"]
[Date "2023.08.29"]
[Round "5"]
[White "Moroni, Luca Jr"]
[Black "Santos, Jose Guilherme B Li"]
[Result "0-1"]
[WhiteElo "2573"]
[BlackElo "2394"]
[PlyCount "86"]
[EventDate "2023.08.25"]
[EventType "swiss"]
[EventRounds "9"]
[EventCountry "POR"]
[SourceTitle "EXT 2024"]
[Source "ChessBase"]
[SourceDate "2023.10.10"]
[SourceVersion "1"]
[SourceVersionDate "2023.10.10"]
[SourceQuality "1"]

1. c4 Nf6 2. g3 e6 3. Bg2 d5 4. Nf3 d4 5. d3 c5 6. e4 Nc6 7. e5 Nd7 8. Qe2 Be7 9. h4 b6 10. Bf4 Bb7 11. Nbd2 Qc7 12. 0-0 h6 13. Rfe1 0-0-0 14. a3 Nf8 15. b4 cxb4 16. Nb3 bxa3 17. c5 bxc5 18. Rec1 Nd7 19. Rab1 Nb6 20. Nxc5 Bxc5 21. Rxc5 Na4 22. Qc2 Nxc5 23. Qxc5 Qa5 24. Qc4 a2 25. Ra1 Rd5 26. Bd2 Qa6 27. Qc2 Kb8 28. Rxa2 Qb6 29. Qd1 Rb5 30. Ra1 Rc8 31. g4 Ka8 32. Qe1 Qc7 33. Bf4 f6 34. Rc1 Qb8 35. Bg3 Nxe5 36. Nxd4 Bxg2 37. Kxg2 Qb7+ 38. Kh3 Rxc1 39. Qxc1 Rb1 40. Qc5 Qh1+ 41. Bh2 Qf1+ 42. Kg3 Qxd3+ 43. Kg2 Qc4 0-1

[Event "Leca da Palmeira 2nd"]
[Site "Leca da Palmeira"]
[Date "2023.08.03"]
[Round "6"]
[White "Zhang, Xin An"]
[Black "Santos, Jose Guilherme B Li"]
[Result "0-1"]
[WhiteElo "1753"]
[BlackElo "2386"]
[PlyCount "122"]
[EventDate "2023.07.31"]
[EventType "swiss"]
[EventRounds "9"]
[EventCountry "POR"]
[SourceTitle "CBM 215 Extra"]
[Source "ChessBase"]
[SourceDate "2023.09.30"]
[SourceVersion "1"]
[SourceVersionDate "2023.09.30"]
[SourceQuality "1"]

1. d4 g6 2. Nf3 Bg7 3. e4 d6 4. Bd3 Nc6 5. c3 Nf6 6. 0-0 0-0 7. h3 e5 8. Re1 h6 9. Nbd2 Nd7 10. d5 Ne7 11. b4 a5 12. b5 Nc5 13. Bc2 f5 14. c4 b6 15. a4 f4 16. Ba3 g5 17. Bxc5 dxc5 18. Nh2 Bd7 19. Bd3 Kh7 20. Be2 Ng8 21. Ndf1 Rf7 22. Ra3 Bf8 23. Ng4 Bd6 24. f3 h5 25. Nf2 Nh6 26. Nh2 Qe7 27. Kh1 Rg8 28. Rg1 Kg7 29. g4 fxg3 30. Rxg3 Kf8 31. Qd2 Rg6 32. Ra1 g4 33. hxg4 Qh4 34. Rag1 hxg4 35. Nfxg4 Nxg4 36. fxg4 Be7 37. Bf1 Bg5 38. Qe2 Kg7 39. Rh3 Qf2 40. Nf3 Qxe2 41. Bxe2 Bf6 42. Rhg3 Kg8 43. g5 Bh8 44. Kg2 Rf4 45. Bd3 Bg4 46. Kf2 Bh5 47. Ke3 Bg7 48. Rh3 Bg4 49. Rhg3 Bh5 50. Rh3 Bg4 51. Rhg3 Bxf3 52. Rxf3 Rxf3+ 53. Kxf3 Bh6 54. Rg2 Bxg5 55. Kg4 Kf7 56. Kf5 Rf6+ 57. Kg4 Bf4 58. Kh5 Rh6+ 59. Kg4 Rh1 60. Ra2 Rg1+ 61. Kf3 Rg3+ 0-1

[Event "Pontevedra op 11th"]
[Site "Pontevedra"]
[Date "2023.07.27"]
[Round "5"]
[White "Plazuelo Pascual, Juan"]
[Black "Santos, Jose Guilherme B Li"]
[Result "1/2-1/2"]
[WhiteElo "2465"]
[BlackElo "2386"]
[PlyCount "70"]
[EventDate "2023.07.24"]
[EventType "swiss"]
[EventRounds "9"]
[EventCountry "ESP"]
[SourceTitle "CBM 215 Extra"]
[Source "ChessBase"]
[SourceDate "2023.09.30"]
[SourceVersion "1"]
[SourceVersionDate "2023.09.30"]
[SourceQuality "1"]

1. e4 c6 2. Nc3 d5 3. Nf3 Bg4 4. Be2 Nf6 5. e5 Nfd7 6. d4 e6 7. 0-0 c5 8. Bg5 Qb6 9. Na4 Qc7 10. c4 dxc4 11. d5 exd5 12. Nc3 Nb6 13. Nxd5 Nxd5 14. Qxd5 h6 15. Bh4 Nc6 16. Bxc4 Be6 17. Qe4 Bxc4 18. Qxc4 Be7 19. e6 0-0 20. Rad1 Bxh4 21. Rd7 Qc8 22. Qxh4 fxe6 23. Rfd1 Rd8 24. Rxd8+ Nxd8 25. Qe7 Nc6 26. Qxc5 Qe8 27. Re1 Qd7 28. a3 Qd5 29. Qe3 Re8 30. h3 e5 31. Nd2 Rd8 32. Nf3 Re8 33. Nd2 Rd8 34. Ne4 Qe6 35. Nc5 Qd5 1/2-1/2

[Event "Pontevedra op 11th"]
[Site "Pontevedra"]
[Date "2023.07.27"]
[Round "6"]
[White "Santos, Jose Guilherme B Li"]
[Black "Ruck, Robert"]
[Result "1/2-1/2"]
[WhiteElo "2386"]
[BlackElo "2531"]
[PlyCount "143"]
[EventDate "2023.07.24"]
[EventType "swiss"]
[EventRounds "9"]
[EventCountry "ESP"]
[SourceTitle "CBM 215 Extra"]
[Source "ChessBase"]
[SourceDate "2023.09.30"]
[SourceVersion "1"]
[SourceVersionDate "2023.09.30"]
[SourceQuality "1"]

1. d4 Nf6 2. c4 e6 3. Nf3 b6 4. g3 Ba6 5. b3 d5 6. Bg2 Bb4+ 7. Bd2 Be7 8. Nc3 0-0 9. Ne5 c6 10. 0-0 dxc4 11. Bg5 cxb3 12. axb3 Bb7 13. Qd3 Nfd7 14. Bxe7 Qxe7 15. Ng4 Rd8 16. Rfc1 Na6 17. Qe3 Nb4 18. Na2 Nxa2 19. Rxa2 h5 20. Ne5 Nxe5 21. Qxe5 Qd6 22. Qxh5 Qxd4 23. Bxc6 Rac8 24. Rac2 Rxc6 25. Rxc6 Qe4 26. Qf3 Bxc6 27. Rxc6 Qxf3 28. exf3 Rd3 29. b4 Rxf3 30. Rc8+ Kh7 31. Rc7 Kg6 32. Rxa7 Rb3 33. h4 Rxb4 34. h5+ Kf6 35. Rb7 e5 36. Kg2 e4 37. g4 e3 38. fxe3 Rxg4+ 39. Kf3 Rb4 40. Kg3 Rb5 41. Kg4 Rb4+ 42. Kf3 Rb1 43. Kf4 Ke6 44. Ke4 f5+ 45. Kf3 Kf6 46. Kf4 Rb4+ 47. Kg3 b5 48. Kf3 Kg5 49. Rxg7+ Kxh5 50. Re7 Kg5 51. Re6 Rb1 52. Rb6 b4 53. Kg3 Rg1+ 54. Kf2 Rg4 55. Kf3 Re4 56. Rc6 Rh4 57. Rb6 Rc4 58. Kg3 Rh4 59. Kf3 Rh3+ 60. Kg2 Rh4 61. Kf3 Re4 62. Rc6 Rh4 63. Rb6 Rh3+ 64. Kg2 Rxe3 65. Rxb4 f4 66. Rb8 Kg4 67. Rg8+ Kf5 68. Rf8+ Ke4 69. Re8+ Kd3 70. Rf8 f3+ 71. Rxf3 Rxf3 72. Kxf3 1/2-1/2

[Event "Titled Tuesday intern op 25th Jul Late"]
[Site "Chess.com INT"]
[Date "2023.07.25"]
[Round "10"]
[White "Ljubarov, Mark"]
[Black "Santos, Jose Guilherme B Li"]
[Result "1-0"]
[WhiteElo "2305"]
[BlackElo "2386"]
[PlyCount "99"]
[EventDate "2023.07.25"]
[EventType "swiss (blitz)"]
[EventRounds "11"]
[EventCountry "USA"]
[SourceTitle "EXT 2024"]
[Source "ChessBase"]
[SourceDate "2023.10.10"]
[SourceVersion "1"]
[SourceVersionDate "2023.10.10"]
[SourceQuality "1"]

1. d4 Nf6 2. c4 g6 3. Nf3 Bg7 4. Nc3 0-0 5. e4 d6 6. Be2 e5 7. 0-0 exd4 8. Nxd4 Re8 9. f3 c6 10. Bf4 Nh5 11. Be3 a5 12. a3 Na6 13. Qd2 Nc5 14. Bd1 Ne6 15. Nxe6 Bxe6 16. Be2 a4 17. Bd4 Nf6 18. Rfd1 Qc7 19. Rab1 Nd7 20. Bxg7 Kxg7 21. Qxd6 Qb6+ 22. Qd4+ Qxd4+ 23. Rxd4 Nc5 24. Rbd1 Kf6 25. Kf2 Ke7 26. h4 h5 27. Ke3 Nb3 28. Rd6 Rad8 29. Rxd8 Rxd8 30. Rxd8 Kxd8 31. Nxa4 Kc7 32. g4 hxg4 33. fxg4 Kd6 34. Kf4 f6 35. Bd3 Bf7 36. g5 fxg5+ 37. hxg5 Nd4 38. e5+ Ke7 39. Nc5 b6 40. Ne4 Ne6+ 41. Ke3 Be8 42. b4 Nc7 43. Nd6 Bf7 44. Nc8+ Ke6 45. Nxb6 Kxe5 46. a4 Na6 47. b5 Nc5 48. a5 Kd6 49. a6 cxb5 50. cxb5 1-0

[Event "Titled Tuesday intern op 25th Jul Late"]
[Site "Chess.com INT"]
[Date "2023.07.25"]
[Round "8"]
[White "Santos, Jose Guilherme B Li"]
[Black "Bartel, Mateusz"]
[Result "0-1"]
[WhiteElo "2386"]
[BlackElo "2614"]
[PlyCount "96"]
[EventDate "2023.07.25"]
[EventType "swiss (blitz)"]
[EventRounds "11"]
[EventCountry "USA"]
[SourceTitle "EXT 2024"]
[Source "ChessBase"]
[SourceDate "2023.10.10"]
[SourceVersion "1"]
[SourceVersionDate "2023.10.10"]
[SourceQuality "1"]

1. e4 g6 2. d4 Bg7 3. Be3 c5 4. Nc3 cxd4 5. Bxd4 Nf6 6. Nf3 Nc6 7. Be3 0-0 8. h3 d6 9. Qd2 Be6 10. Bh6 Rc8 11. h4 Qa5 12. Bd3 Bxh6 13. Qxh6 Ng4 14. Qd2 h5 15. Ng5 Nce5 16. f3 Nf6 17. Nxe6 fxe6 18. Be2 Nc4 19. Bxc4 Rxc4 20. Ne2 Qe5 21. 0-0-0 Rfc8 22. c3 b5 23. Kb1 a5 24. Qg5 Qxg5 25. hxg5 Nh7 26. Nf4 Kf7 27. Nh3 e5 28. Rd5 Rb8 29. Kc2 Nf8 30. b3 Rc6 31. f4 exf4 32. Nxf4 Ne6 33. Nxe6 Kxe6 34. Rf1 a4 35. Kd3 axb3 36. axb3 Rbc8 37. Rc1 Rc5 38. c4 Kd7 39. Kd4 bxc4 40. Rxc4 Rxd5+ 41. exd5 Rf8 42. Ra4 Rf4+ 43. Kc3 Rf5 44. Ra7+ Ke8 45. Kc4 Rxg5 46. b4 Rxg2 47. b5 Rb2 48. Ra3 h4 0-1

[Event "Titled Tuesday intern op 25th Jul Late"]
[Site "Chess.com INT"]
[Date "2023.07.25"]
[Round "3"]
[White "Santos, Jose Guilherme B Li"]
[Black "Krzywda, Andrzej"]
[Result "1-0"]
[WhiteElo "2386"]
[BlackElo "2207"]
[PlyCount "59"]
[EventDate "2023.07.25"]
[EventType "swiss (blitz)"]
[EventRounds "11"]
[EventCountry "USA"]
[SourceTitle "EXT 2024"]
[Source "ChessBase"]
[SourceDate "2023.10.10"]
[SourceVersion "1"]
[SourceVersionDate "2023.10.10"]
[SourceQuality "1"]

1. e4 e5 2. Nf3 Nf6 3. Nc3 Bb4 4. Nxe5 0-0 5. Nd3 Bxc3 6. dxc3 Nxe4 7. Be2 Re8 8. 0-0 d6 9. Bf3 Nd7 10. Re1 Ndc5 11. Nxc5 Nxc5 12. Be3 c6 13. Qd4 Ne6 14. Qd2 d5 15. Rad1 Qf6 16. b3 b6 17. c4 Bb7 18. cxd5 cxd5 19. Bxd5 Rad8 20. c4 Rd7 21. Qc2 Red8 22. Bxb7 Rxb7 23. Rxd8+ Qxd8 24. Bc1 Rd7 25. Bb2 Qg5 26. Qc3 h6 27. g3 Qg4 28. b4 Rd4 29. Rxe6 fxe6 30. Qxd4 1-0

[Event "POR-chT"]
[Site "Sao Joao da Madeira"]
[Date "2023.07.21"]
[Round "7.5"]
[White "Cumming, Rhys"]
[Black "Santos, Jose Guilherme B Li"]
[Result "0-1"]
[WhiteElo "2337"]
[BlackElo "2386"]
[PlyCount "48"]
[EventDate "2023.07.17"]
[EventType "team-tourn"]
[EventRounds "9"]
[EventCountry "POR"]
[SourceTitle "CBM 215 Extra"]
[Source "ChessBase"]
[SourceDate "2023.09.30"]
[SourceVersion "1"]
[SourceVersionDate "2023.09.30"]
[SourceQuality "1"]
[WhiteTeam "Montemor o Velho"]
[BlackTeam "Montemor o Novo"]
[WhiteTeamCountry "POR"]
[BlackTeamCountry "POR"]

1. e4 c5 2. Nf3 d6 3. d4 cxd4 4. Nxd4 Nf6 5. Nc3 a6 6. Be3 e5 7. Nb3 Be6 8. f3 Be7 9. Qd2 h5 10. Nd5 Nxd5 11. exd5 Bf5 12. Be2 a5 13. a4 0-0 14. 0-0 Nd7 15. f4 exf4 16. Bxf4 Rc8 17. c4 Qb6+ 18. Qe3 Bd8 19. Qxb6 Bxb6+ 20. Kh1 Rfe8 21. c5 Nxc5 22. Nxc5 Rxe2 23. Nxb7 Be4 24. Nxd6 Bxg2# 0-1

[Event "POR-chT"]
[Site "Sao Joao da Madeira"]
[Date "2023.07.18"]
[Round "3.4"]
[White "Margarido, Jose Miguel Teixeir"]
[Black "Santos, Jose Guilherme B Li"]
[Result "0-1"]
[WhiteElo "2100"]
[BlackElo "2386"]
[PlyCount "146"]
[EventDate "2023.07.17"]
[EventType "team-tourn"]
[EventRounds "9"]
[EventCountry "POR"]
[SourceTitle "CBM 215 Extra"]
[Source "ChessBase"]
[SourceDate "2023.09.30"]
[SourceVersion "1"]
[SourceVersionDate "2023.09.30"]
[SourceQuality "1"]
[WhiteTeam "EPGaia"]
[BlackTeam "Montemor o Novo"]
[WhiteTeamCountry "POR"]
[BlackTeamCountry "POR"]

1. c4 Nf6 2. g3 c5 3. Bg2 Nc6 4. Nc3 g6 5. e4 Bg7 6. Nge2 d6 7. d3 Rb8 8. 0-0 a6 9. a4 Bd7 10. h3 Nd4 11. Nxd4 cxd4 12. Ne2 e5 13. b4 b5 14. cxb5 axb5 15. a5 Bc6 16. f4 h5 17. Bd2 Ba8 18. Kh1 0-0 19. Rc1 Qd7 20. Qb3 Rfc8 21. Kh2 Ne8 22. f5 Rxc1 23. Bxc1 d5 24. fxg6 fxg6 25. exd5 Kh7 26. Ng1 Nc7 27. d6 Qxd6 28. Nf3 Bd5 29. Ng5+ Kg8 30. Bxd5+ Qxd5 31. Qc2 Ne8 32. Ne4 Qe6 33. Bd2 Rc8 34. Qb2 Bf8 35. Rc1 Rc7 36. Rc2 Be7 37. Qa2 Qxa2 38. Rxa2 Kf7 39. Kg2 Ke6 40. Kf3 Rc8 41. a6 Ra8 42. a7 Nc7 43. Ra5 Rf8+ 44. Ke2 Kd7 45. Be1 Kc6 46. g4 hxg4 47. hxg4 Kb7 48. Ra1 Re8 49. Ra5 Ra8 50. Ra1 Rxa7 51. Rxa7+ Kxa7 52. Bg3 Bxb4 53. Bxe5 Ne6 54. Kd1 Kb7 55. Kc2 Kc6 56. Bh8 Be7 57. Be5 Kd5 58. Bg3 Nf8 59. Nd2 Nd7 60. Nf3 Nf6 61. Be5 Nxg4 62. Bxd4 Nh2 63. Nxh2 Kxd4 64. Ng4 Bb4 65. Kb3 Be1 66. Kc2 Ba5 67. Kb3 g5 68. Kc2 Be1 69. Nh2 Ke3 70. Ng4+ Kf4 71. Nh2 g4 72. Nf1 g3 73. Nxg3 Kxg3 0-1

[Event "Titled Tuesday intern op 20th Jun Late"]
[Site "Chess.com INT"]
[Date "2023.06.20"]
[Round "3"]
[White "Santos, Jose Guilherme B Li"]
[Black "Avila Pavas, Santiago"]
[Result "0-1"]
[WhiteElo "2386"]
[BlackElo "2499"]
[PlyCount "72"]
[EventDate "2023.06.20"]
[EventType "swiss (blitz)"]
[EventRounds "11"]
[EventCountry "USA"]
[SourceTitle "EXT 2024"]
[Source "ChessBase"]
[SourceDate "2023.10.10"]
[SourceVersion "1"]
[SourceVersionDate "2023.10.10"]
[SourceQuality "1"]

1. e4 Nf6 2. e5 Nd5 3. d4 d6 4. c4 Nb6 5. exd6 cxd6 6. Nc3 g6 7. Be3 Bg7 8. Rc1 0-0 9. b3 e5 10. dxe5 dxe5 11. Qxd8 Rxd8 12. c5 N6d7 13. Bb5 Nc6 14. Nge2 f5 15. Bg5 Rf8 16. Nd5 h6 17. Ne7+ Kh7 18. Nxc6 hxg5 19. Ne7 Nf6 20. h4 g4 21. Nxc8 Raxc8 22. 0-0 Rfd8 23. a4 Ne4 24. b4 a6 25. Bc4 Nd2 26. Rfd1 Nxc4 27. Rxd8 Rxd8 28. Rxc4 Rd1+ 29. Kh2 Rd2 30. Ng3 e4 31. c6 bxc6 32. Rxc6 Rxf2 33. h5 Be5 34. hxg6+ Kg7 35. Re6 Bf4 36. Rxa6 Rb2 0-1